000 00592nam a2200205 a 4500
008 951214s1987||||[C 0 slo c
020 _c43 Kčs.
_q(17000 výtl.)
040 _aSNK
_bslo
_cSNK
_eAACR2
041 1 _aslo
_hslo
044 _axo
_cSK
080 _a885.4-3
100 1 _aFerko, Milan
_4aut
245 1 0 _aJánošík
_cMilan Ferko ; Ivan Schurmann
250 _a2., vyd.
260 _aBratislava
_bSlovenský spisovateľ
_c1987
_eTrnava
_fPolygrafické závody
300 _a579 s., 45,76 AH
_c24 cm
500 _aIlustr. na front.
700 1 _aSchurmann, Ivan
_4bkd
958 _aA
999 _c10593
_d10593